| 000 | 01042nam a22002537a 4500 | ||
|---|---|---|---|
| 003 | BR-ViAPE | ||
| 005 | 20260514131840.0 | ||
| 008 | 260514s2025 porco gs|||| 001 0dpor d | ||
| 020 | _q978-85-98928-32-6 | ||
| 040 | _cBR-ViAPE | ||
| 245 |
_aAfro-brasileiros(as) no Espírito Santo: _bmemórias e trajetórias educacionais |
||
| 260 |
_aVitória _bArquivo Público do Estado do Espírito Santo _c2025 |
||
| 300 |
_a276 p. _bil. |
||
| 300 | _bLivro disponível em PDF | ||
| 490 |
_aColeção Canaã _vv. 30 |
||
| 500 | _aObra disponibilizada em PDF por integrar a Coleção Canaã do APEES. | ||
| 650 |
_aAfro-brasileiros _xBiografia _xEducação _xMemória _zEspírito Santo (Brasil) |
||
| 651 | _aEspírito Santo (Brasil) | ||
| 700 |
_aOliveira, Osvaldo Martins de _eorganizador |
||
| 700 |
_aGomes, Ademildo _eorganizador |
||
| 710 | _aArquivo Público do Estado do Espírito Santo | ||
| 856 |
_uhttps://ape.es.gov.br/Media/ape/PDF/Livros/livro_afrobrasileiros_2025_canaa.pdf _yCLIQUE AQUI PARA ACESSAR O DOCUMENTO |
||
| 942 |
_2ddc _cBK _n1 |
||
| 999 |
_c675 _d675 |
||